000 00518nam a2200205Ia 4500
001 13390
003 GE_BSU
008 181216s||||||||xx |||||||||||||| ||und||
020 _a9780471335498
040 _cGE_BSU
080 _a796
245 _aSport Psychology:Theory,Applications and issues
245 _cEdited by Tony Morris, Jiff Summers
260 _aNew York
260 _bJohn Willey
260 _c1995
300 _a635p.32cm.
653 _aSport Psychology:Theory,Applications and issues
942 _cBK
999 _c46551
_d46551